Chapter 9 Quiz Stats

 Plays Quiz not verified by Sporcle

Score 0/30 Timer 10:00
0 Plays Today
Defanition Word % Correct
An Organization which seeks to influence public policyInterest Group
80.9%
50 or more people who donate money to candidatesPAC
51.1%
Organization devoted to advancement of colored peopleNAACP
38.3%
Attempting to influence politicsLobbying
34%
Something offered to those who join interest groupsIncentive
25.5%
Government organization which oversees federal communicationsFCC
19.1%
Offers discount drugs and other supplies to retired peoplesAARP
14.9%
A sense of pleasure or status to group membersSolidary Incentives
6.4%
Incentive due to the purpose of an organizationPurposive Incentives
6.4%
Originally formed as Social Movements but lost clout over decadesUnions
4.3%
Generating public pressure on officialsGrassroots lobbying
4.3%
Association associated schools which relies on Solitary interestsPTA
4.3%
Most relied on method of funding for membership interestsMembership Dues
2.1%
Represents an organizationInstitutional Interest
2.1%
Using computers to mail large numbers of peopleDirect mailing
2.1%
Defanition Word % Correct
People who leave government office to become lobbyistsRevolving Door
2.1%
Money or services given to membersMonetary Incentives
2.1%
Organization which attracts members by their interest in a set of principalsIdeological Interest Groups
2.1%
An organization of various protestant denominations with several million membersNCC
2.1%
Large woman's organization relying of grants instead of dues, which brings lawsuits on the behalf of womenWEAL
2.1%
Supports its due paying membersMembership Interests
0%
Widely shared demands for changeSocial movements
0%
A series of phone calls to congressmenAstroturf lobbying
0%
Type of PAC which gives almost exclusively to DemocratsLabor PAC
0%
Widely shared demand for changeSocial Movement
0%
Pays for agents who help farmersAFBF
0%
Lobby of an ideological interest groupPuiblic Interest Lobby
0%
Conversationalist organization originating in the 1930sSierra Club
0%
1920s League wanting woman to voteLeague of Woman Voters
0%
Organization against the equal rights amendmentSTOP ERA
0%

You're not logged in!

Compare scores with friends on all Sporcle quizzes.
OR
Log In

Show Comments

Extras

Created Dec 1, 2010ReportNominate
Tags:chapter, government

Top Quizzes Today


Score Distribution

Your Account Isn't Verified!

In order to create a playlist on Sporcle, you need to verify the email address you used during registration. Go to your Sporcle Settings to finish the process.

Report this User

Report this user for behavior that violates our Community Guidelines.

Details: